Countering the corrupt : (Record no. 4294)
| 000 -LEADER | |
|---|---|
| fixed length control field | 00959cam a2200253 i 4500 |
| 001 - CONTROL NUMBER | |
| control field | 22072912 |
| 005 - DATE AND TIME OF LATEST TRANSACTION | |
| control field | 20210816112449.0 |
| 008 - FIXED-LENGTH DATA ELEMENTS--GENERAL INFORMATION | |
| fixed length control field | 210609s2021 sa a b 001 0 eng |
| 010 ## - LIBRARY OF CONGRESS CONTROL NUMBER | |
| LC control number | 2021315275 |
| 020 ## - INTERNATIONAL STANDARD BOOK NUMBER | |
| International Standard Book Number | 9781928309369 |
| 040 ## - CATALOGING SOURCE | |
| Original cataloging agency | DLC |
| Language of cataloging | eng |
| Description conventions | rda |
| Transcribing agency | DLC |
| 042 ## - AUTHENTICATION CODE | |
| Authentication code | lcode |
| -- | pcc |
| 043 ## - GEOGRAPHIC AREA CODE | |
| Geographic area code | f------ |
| 050 00 - LIBRARY OF CONGRESS CALL NUMBER | |
| Classification number | JQ1875.A55 |
| Item number | C637224 2021 |
| 100 1# - MAIN ENTRY--PERSONAL NAME | |
| Personal name | Hoffman, Paul, |
| Dates associated with a name | 1950 October 13- |
| Relator term | author. |
| 245 10 - TITLE STATEMENT | |
| Title | Countering the corrupt : |
| Remainder of title | the what, who, where, why and how-to of countering corruption / |
| Statement of responsibility, etc | Paul Hoffman and Konrad Adenauer Stiftung. |
| 300 ## - PHYSICAL DESCRIPTION | |
| Extent | xviii, 202 pages : |
| Other physical details | illustrations ; |
| Dimensions | 25 cm |
| 504 ## - BIBLIOGRAPHY, ETC. NOTE | |
| Bibliography, etc | Includes bibliographical references (pages 137-140) and index. |
| 650 #0 - SUBJECT ADDED ENTRY--TOPICAL TERM | |
| Topical term or geographic name as entry element | Corruption |
| Geographic subdivision | Africa. |
| 710 2# - ADDED ENTRY--CORPORATE NAME | |
| Corporate name or jurisdiction name as entry element | Konrad-Adenauer-Stiftung (Johannesburg, South Africa), |
| Relator term | author. |
| 906 ## - LOCAL DATA ELEMENT F, LDF (RLIN) | |
| a | 7 |
| b | cbc |
| c | origode |
| d | 3 |
| e | ncip |
| f | 20 |
| g | y-gencatlg |
| 942 ## - ADDED ENTRY ELEMENTS (KOHA) | |
| Source of classification or shelving scheme | |
| Item type | Book |
| Withdrawn status | Lost status | Source of classification or shelving scheme | Damaged status | Not for loan | Home library | Current library | Shelving location | Date acquired | Total Checkouts | Full call number | Barcode | Date last seen | Copy number | Price effective from | Koha item type | Date last borrowed |
|---|---|---|---|---|---|---|---|---|---|---|---|---|---|---|---|---|
| Riara University Library | Riara University Library | General stack | 16/08/2021 | JQ1875.A55 C637224 2021 | 10520/21 | 16/08/2021 | C.1 | 16/08/2021 | Book | |||||||
| Riara University Library | Riara University Library | General stack | 16/08/2021 | JQ1875.A55 C637224 2021 | 10521/21 | 16/08/2021 | C.2 | 16/08/2021 | Book | |||||||
| Riara University Library | Riara University Library | General stack | 16/08/2021 | JQ1875.A55 C637224 2021 | 10522/21 | 16/08/2021 | C.3 | 16/08/2021 | Book | |||||||
| Riara University Library | Riara University Library | General stack | 16/08/2021 | JQ1875.A55 C637224 2021 | 10523/21 | 16/08/2021 | C.4 | 16/08/2021 | Book | |||||||
| Riara University Library | Riara University Library | General stack | 16/08/2021 | 1 | JQ1875.A55 C637224 2021 | 10524/21 | 04/04/2024 | C.5 | 16/08/2021 | Book | 29/08/2022 |
